000 00467nam a2200181Ia 4500
001 9063
005 20260306160656.0
008 260306t2015||||xx |||||||||||||| ||spa||
041 _aESP
082 _a372.5
_bB45
100 _aBerdichevsky, Patricia
_eAUT
245 0 _aPrimeras huellas:
_bel lenguaje plástico visual en el jardín maternal
260 _c2015
300 _a284 páginas :
_c22 cm.
650 _aGEN
654 _aCED
942 _cLIB
_dJUS
_fJUS
_2ddc
_n
999 _c9063
_d9063